• 首页
  • 本馆介绍
  • 公告通知
  • 最新文献
  • 馆藏检索
  • 电子资源
  • 读者导购
  • 参考咨询
  • 我的图书馆
  • 登录
  • 详细信息显示
  • 放入我的书架
  • 预约/预借图书
  • 作者相关作品
  • 分类相关作品
  • 丛书相关作品
  • 出版社相关作品

书目信息

  • 表格格式
  • 工作单格式
  • 卡片格式
题名:
晶体管及其电路
    
 
作者: 川上正光 编 ;尹达衡 译
分册:  
出版信息: 北京   人民邮电出版社  1980
页数: 339页
开本: 19cm
丛书名:
单 册:
中图分类: TN710.2
科图分类:
主题词: 晶体管电路
电子资源:
ISBN:
000 00652nam0 2200229 45
001 0180006945
005 20060721164526.45
010    @dCNY1.00
091    @a15045.总2345-无688
100    @a19960215d1980 em y0chiy0121 ea
101 1  @achi@cjpn
102    @aCN@b110000
105    @ay z 000yy
200 10 @a晶体管及其电路@Ajing ti guan ji ji dian lu@f(日)川上正光等编@g尹达衡译
210    @a北京@c人民邮电出版社@d1980
215    @a339页@d19cm
606    @a晶体管电路
690    @aTN710.2@v3 
701  0 @a川上正光@Achuan shang zheng guang@4编
702  0 @a尹达衡@Ayin da heng@4译
801  0 @aCN@bTSSF@c20060721
905    @a10447@dTN710.2@e188
    
    晶体管及其电路/(日)川上正光等编/尹达衡译.-北京:人民邮电出版社,1980
    339页;19cm
    
    
    ISBN :CNY1.00
    
●
相关链接 在E读中查询图书 在五车中查询图书 在当当中查询图书 在豆瓣中查询图书


正题名:晶体管及其电路     索取号:TN710.2/188         预约/预借

序号 登录号 条形码 馆藏地/架位号 状态 备注
1 0437708   204377085   密集书库/ [索取号:TN710.2/188] 在馆    
2 0437716   204377165   密集书库/ [索取号:TN710.2/188] 在馆    
唐山师范学院图书馆 欢迎您!
大连网信软件有限公司© 版权所有